<?xml version="1.0" encoding="UTF-8"?>
<marc:record xmlns:marc="http://www.loc.gov/MARC21/slim">
   <marc:leader>00000nam a2200000 a 4500</marc:leader>
   <marc:datafield ind1="1" ind2=" " tag="100">
      <marc:subfield code="a">Athanasiadis, Caroline</marc:subfield>
      <marc:subfield code="4">aut</marc:subfield>
      <marc:subfield code="e">Verfasser/-in</marc:subfield>
   </marc:datafield>
   <marc:datafield ind1="0" ind2="0" tag="245">
      <marc:subfield code="a">Heute habe ich nichts zu tun, außer..</marc:subfield>
   </marc:datafield>
   <marc:datafield ind1=" " ind2="1" tag="264">
      <marc:subfield code="b">Carl Ueberreuter Verlag</marc:subfield>
      <marc:subfield code="c">2023</marc:subfield>
   </marc:datafield>
   <marc:datafield ind1="1" ind2=" " tag="520">
      <marc:subfield code="a">Ein Tag müsste mindestens 48 Stunden haben, damit sich fünf Stunden Schlaf, ein halbe Stunde Nahrungsaufnahme und fünf Minuten nur vor sich hin starren ausgehen. Selbst dann wäre die Zeit zu knapp, um alles zu schaffen, was man sich vorgenommen hat. Man fragt sich ständig: Ist man zu unfähig? Zu unorganisiert? Oder einfach zu anspruchsvoll?

Letztendlich stellte ich mir immer wieder dieselbe Frage:

Bin ich allein? Nein!

Es ist in Ordnung, nicht perfekt zu sein. Es ist auch ganz normal, dazwischen durchzudrehen und nicht mehr weiterzuwissen.

Ich will, dass arbeitende Mütter da draußen wissen: Wir sind viele!

Ich will, dass alle wissen, Im-perfekt ist nicht nur eine Vergangenheitsform, sondern eine durchaus legitime Lebenseinstellung für den Alltag.

Dieses Buch ist für euch und für alle, denen im Alltag das Lachen verloren gegangen ist.

Mit Illustrationen von Sole Goscinski.</marc:subfield>
   </marc:datafield>
   <marc:datafield ind1=" " ind2=" " tag="020">
      <marc:subfield code="a">9783800078134</marc:subfield>
      <marc:subfield code="9">9783800078134</marc:subfield>
   </marc:datafield>
</marc:record>
